00225 a2200109 4500001000700000020000600007040001100013100001700024240003500041245003000076362000900106166884 a  cMagnum aSlade, Peter10aO jogo dramatico infantillpor10aO jogo dramatico infantil0 a1899